| 000 | 00960cam a2200265 a 4500 | ||
|---|---|---|---|
| 001 | gs 68000271 | ||
| 003 | DLC | ||
| 005 | 20260227111423.0 | ||
| 008 | 700413s1968 dcuab b 00010 eng c | ||
| 010 | _ags 68000271 //r905 | ||
| 040 |
_aU.S. Geological Survey Library _cDLC _dDLC |
||
| 043 | _an-us-ak | ||
| 050 | 0 | 0 |
_aQE75 _b.C5 no. 570 |
| 051 |
_aTN24.A4 _bM46 _cCopy 2. |
||
| 082 | 0 | 0 | _a557.3/08 s |
| 100 | 1 | 0 |
_aMiller, Thomas P., _d1938- |
| 245 | 1 | 0 |
_aSuggested areas for prospecting in the central Koyukuk River region, Alaska, _cby Thomas P. Miller and Oscar J. Ferrians, Jr. |
| 260 | 0 |
_aWashington, _bU.S. Dept. of the Interior, _c1968. |
|
| 300 |
_aiii, 12 p. _billus., maps. _c26 cm. |
||
| 490 | 1 | _aGeological Survey circular 570 | |
| 504 | _aBibliography: p. 12. | ||
| 650 | 0 |
_aOre deposits _zAlaska _zKoyukuk River Watershed. |
|
| 700 | 1 | 0 |
_aFerrians, Oscar J. _q(Oscar John), _d1928- _ejoint author. |
| 830 | 0 |
_aGeological Survey circular ; _v570. |
|
| 999 |
_c30492 _d30492 |
||